| 000 | 00722nam a2200229 a 4500 | ||
|---|---|---|---|
| 001 | BRL_462 | ||
| 005 | 20190320210743.0 | ||
| 008 | 160813c1958----mx-a######---#000-0#spa-# | ||
| 041 | _aspa | ||
| 044 | _amx | ||
| 050 | 4 |
_aF1219 _b.M66 9 1958 |
|
| 100 | 1 |
_aAcosta, Jorge R. _923989 |
|
| 245 | 1 | 0 |
_aNuevos ensayos de restauración en Uxmal, Yuc. _cJorge R. Acosta. |
| 260 |
_aMéxico _bInstituto Nacional de Antropología e Historia _c1958 |
||
| 300 |
_a38 p. _bil. _c23 cm. |
||
| 440 | 0 |
_aDirección de monumentos pre-hispanicos _pInformes _v9 _923990 |
|
| 500 | _aAu465 | ||
| 650 | 1 | 4 |
_aArquitectura _xConservación y restauración _9139 |
| 651 | 4 |
_aUxmal, México _xAntigüedades _923991 |
|
| 902 | _aGRL | ||
| 942 |
_2lcc _cB |
||
| 999 |
_c9274 _d9274 |
||